| 000 | 01560cam a2200409Mi 4500 | ||
|---|---|---|---|
| 999 |
_c29087 _d29058 |
||
| 001 | 14777325 | ||
| 003 | EG-ScBUE | ||
| 005 | 20210419102314.0 | ||
| 008 | 130118t2013 enkab f 001 0 eng d | ||
| 020 | _a9781912217250 | ||
| 035 | _a(OCoLC)on1043425216 | ||
| 035 | _a14777325 | ||
| 040 |
_aEQO _beng _erda _cEQO _dOCLCO _dOCLCF _dUKMGB _dOCLCQ _dCtY-BA _dEG-ScBUE |
||
| 043 |
_ae-uk--- _ae-ie--- |
||
| 082 | 0 | 4 |
_a730.941 _bSTA _222 |
| 100 | 1 |
_aStace, Alison, _eauthor. |
|
| 245 | 1 | 0 |
_aSculpture parks & trails of Britain & Ireland / _cAlison Stace. |
| 246 | 3 | _aSculpture parks and trails of Britain and Ireland | |
| 250 | _aSecond edition. | ||
| 264 | 1 |
_aLondon, UK ; _bHerbert Press : _bBloomsbury Publishing Plc, _c[2013] |
|
| 264 | 4 | _cc2013 | |
| 300 |
_a224 pages : _bcolor illustrations, color maps ; _c21 cm |
||
| 336 |
_atext _btxt _2rdacontent |
||
| 336 |
_astill image _bsti _2rdacontent |
||
| 336 |
_acartographic image _bcri _2rdacontent |
||
| 337 |
_aunmediated _bn _2rdamedia |
||
| 338 |
_avolume _bnc _2rdacarrier |
||
| 500 | _a"First published in Great Britain in 2013 ; this edition published 2017"--Title page verso. | ||
| 500 | _aIncludes index. | ||
| 650 | 7 |
_aSculpture parks _zGreat Britain _vGuidebooks. _2BUEsh |
|
| 650 | 7 |
_aOutdoor sculpture _zGreat Britain _vGuidebooks. _2BUEsh _918816 |
|
| 650 | 7 |
_aSculpture parks _zIreland _vGuidebooks. _2BUEsh |
|
| 650 | 7 |
_aOutdoor sculpture _zIreland _vGuidebooks. _2BUEsh _918816 |
|
| 653 |
_bGGEN _cApril2021 |
||
| 655 | 7 |
_aGuidebooks. _2fast _0(OCoLC)fst01423871 _vReading book |
|
| 942 |
_2ddc _cBB |
||